Understanding the congregation's authority / (Record no. 8734)

MARC details
000 -LEADER
fixed length control field 00967nam a22002297a 4500
003 - CONTROL NUMBER IDENTIFIER
control field GBCCL
005 - DATE AND TIME OF LATEST TRANSACTION
control field 20241126110657.0
008 - FIXED-LENGTH DATA ELEMENTS--GENERAL INFORMATION
fixed length control field 210922b ||||| |||| 00| 0 eng d
020 ## - INTERNATIONAL STANDARD BOOK NUMBER
International Standard Book Number 9781433688935
020 ## - INTERNATIONAL STANDARD BOOK NUMBER
International Standard Book Number 143368893X
040 ## - CATALOGING SOURCE
Transcribing agency GBC
082 ## - DEWEY DECIMAL CLASSIFICATION NUMBER
Classification number 262
Item number CHU
100 ## - MAIN ENTRY--PERSONAL NAME
Personal name Leeman, Jonathan
9 (RLIN) 15406
245 ## - TITLE STATEMENT
Title Understanding the congregation's authority /
Statement of responsibility, etc. author and series editor Jonathan Leeman.
260 ## - PUBLICATION, DISTRIBUTION, ETC.
Place of publication, distribution, etc. Nashville, Tennessee :
Name of publisher, distributor, etc. B & H Publishing Group,
Date of publication, distribution, etc. [2016] ©2016
300 ## - PHYSICAL DESCRIPTION
Extent vi, 71 pages ;
Dimensions 18 cm
440 ## - SERIES STATEMENT/ADDED ENTRY--TITLE
Title Church basics.
9 (RLIN) 15402
505 ## - FORMATTED CONTENTS NOTE
Formatted contents note Jesus' discipleship program -- The big picture -- Adam had a job -- Now Jesus gives the job to your church -- Your pastors train you for your job -- Conclusion: your job responsibilities -- Appendix: quick answers to critiques of elder-led congregationalism.
650 ## - SUBJECT ADDED ENTRY--TOPICAL TERM
Topical term or geographic name entry element Elders (Church officers)
Form subdivision Biblical teaching.
9 (RLIN) 15407
650 ## - SUBJECT ADDED ENTRY--TOPICAL TERM
Topical term or geographic name entry element Church polity.
9 (RLIN) 2966
942 ## - ADDED ENTRY ELEMENTS (KOHA)
Source of classification or shelving scheme Dewey Decimal Classification
Koha item type Books
Koha issues (borrowed), all copies 2
Holdings
Withdrawn status Lost status Source of classification or shelving scheme Damaged status Not for loan Home library Current Library Shelving location Date acquired Total checkouts Full call number Barcode Date last seen Date last checked out Copy number Price effective from Koha item type
    Dewey Decimal Classification     GRACE BIBLE COLLEGE GRACE BIBLE COLLEGE Ministry & Mission 2021-09-22 2 262 CHU 015186 2025-05-01 2023-09-02 c.1 2021-09-22 Books
© Grace Bible College Library 2025